Načítá se...

India china relations: an agenda for asian century/

Podrobná bibliografie
Hlavní autor: Kamath, P M.
Médium: Printed Book
Jazyk:English
Vydáno: New Delhi: Gyan, 2011.
LEADER 00547nam a22001577a 4500
003 OSt
008 160825b xxu||||| |||| 00| 0 eng d
020 |a 978-81-212-1098-0 
082 |a 327.54 KAM/I 
100 |a Kamath, P M. 
245 |a India china relations: an agenda for asian century/ 
260 |a New Delhi:  |b Gyan,  |c 2011. 
300 |a 292p. 
942 |2 ddc  |c BK 
999 |c 340413  |d 340413 
952 |0 0  |1 0  |4 0  |6 327_540000000000000_KAM_I  |7 0  |9 390844  |a POL  |b POL  |c ST1  |d 2012-01-13  |g 0.00  |i POL1690  |l 2  |o 327.54 KAM/I  |p POL1690  |r 2016-10-26  |s 2016-06-22  |w 2018-08-20  |y BK